000 01225cam a2200313 i 4500
999 _c63360
_d63360
001 63360
003 Mx-PuUPA
005 20240410104102.0
008 150822s2013 mx fr 000 0 spa d
020 _a9786074386332
040 _aMx-PuUPA
_bspa
_cMx-PuUPA
_dMx-PuUPA
_erda
041 1 _aspa
_heng
100 1 _aHill, Linda A.
_d1956-
_q(Linda Annette),
240 1 0 _aBeing the boss : the 3 imperatives for becoming a great leader.
_f2011.
_lEspañol.
245 1 0 _aCómo ser el jefe :
_blos tres imperativos para convertirse en un gran líder /
_cLinda A. Hill, Kent Lineback.
250 _aPrimera edición
264 3 1 _aMéxico D.F :
_bGrupo Editorial Patria,
_c2013
300 _axx, 282 páginas :
_bdiagramas,
_c23 cm.
336 _atexto
_2rdacontent
_btxt
337 _asin medio
_2rdamedia
_bn
338 _avolumen
_2rdacarrier
_bnc
650 1 4 _aLiderazgo
650 1 4 _aSupervisión de empleados
650 1 4 _aEjecutivos
_xAptitud creadora
765 1 8 _aHill, Linda A.
_tBeing the boss : the 3 imperatives for becoming a great leader
_dBoston : Harvard Business Review Press, ©2011.
_z9781422163894
942 _2ddc
_cLI
_h658.4092
_iH641